| 000 | 00397nam a2200145Ia 4500 | ||
|---|---|---|---|
| 008 | 230917s9999||||xx |||||||||||||| ||und|| | ||
| 040 |
_e115521 _aMAIN |
||
| 041 | _aEnglish | ||
| 082 | _a515.243 J768A | ||
| 100 | _aJorgensen, Palle E T | ||
| 245 | 0 | _aAnalysis and probability: Wavelets, signals, Fractals | |
| 260 |
_aIowa City _bSpringer-Verlag _c2006 |
||
| 300 | _axii, 259p p. | ||
| 942 | _cBK | ||
| 999 |
_c141671 _d141671 |
||